[Event "XLIV Memoriał Szachowy Ludwika Zamenhofa 2025, Grupa B"]
[Site "Bialystok, Poland"]
[Date "2025.12.29"]
[Round "6.24"]
[White "Olejko, Wojciech"]
[Black "Skiba, Igor"]
[Result "1/2-1/2"]
[TimeControl "90'+30\""]
[WhiteElo "1853"]
[BlackElo "1762"]

1. d4 {[%clk 01:30:58]} {[%emt 00:00:02]} Nf6 {[%clk 01:30:59]} {[%emt
00:00:02]} 2. c4 {[%clk 01:31:26]} {[%emt 00:00:01]} e6 {[%clk 01:31:24]}
{[%emt 00:00:05]} 3. Nf3 {[%clk 01:31:55]} {[%emt 00:00:02]} d5 {[%clk
01:31:50]} {[%emt 00:00:04]} 4. g3 {[%clk 01:32:13]} {[%emt 00:00:11]} Nc6
{[%clk 01:31:56]} {[%emt 00:00:25]} 5. Nbd2 {[%clk 01:31:36]} {[%emt 00:01:06]}
Bd6 {[%clk 01:29:05]} {[%emt 00:03:21]} 6. Bg2 {[%clk 01:29:10]} {[%emt
00:02:56]} O-O {[%clk 01:29:28]} {[%emt 00:00:07]} 7. O-O {[%clk 01:29:34]}
{[%emt 00:00:05]} a5 {[%clk 01:29:54]} {[%emt 00:00:05]} 8. Qc2 {[%clk
01:27:43]} {[%emt 00:02:20]} Nb4 {[%clk 01:10:49]} {[%emt 00:19:35]} 9. Qb1
{[%clk 01:27:23]} {[%emt 00:00:43]} b6 {[%clk 01:08:44]} {[%emt 00:02:43]} 10.
e4 {[%clk 01:24:20]} {[%emt 00:03:32]} dxe4 {[%clk 01:07:47]} {[%emt 00:01:27]}
11. Nxe4 {[%clk 01:24:46]} {[%emt 00:00:04]} Be7 {[%clk 01:00:44]} {[%emt
00:07:33]} 12. Nfg5 {[%clk 01:15:16]} {[%emt 00:09:58]} Nxe4 {[%clk 00:57:46]}
{[%emt 00:03:30]} 13. Qxe4 {[%clk 01:11:07]} {[%emt 00:04:38]} Bxg5 {[%clk
00:58:00]} {[%emt 00:00:17]} 14. Bxg5 {[%clk 01:10:15]} {[%emt 00:01:22]} Qxg5
{[%clk 00:58:28]} {[%emt 00:00:02]} 15. Qxa8 {[%clk 01:10:20]} {[%emt
00:00:25]} Ba6 {[%clk 00:58:44]} {[%emt 00:00:14]} 16. Qe4 {[%clk 01:08:31]}
{[%emt 00:02:08]} Bxc4 {[%clk 00:58:53]} {[%emt 00:00:32]} 17. Rfd1 {[%clk
01:07:59]} {[%emt 00:00:59]} Bxa2 {[%clk 00:55:02]} {[%emt 00:04:25]} 18. Rac1
{[%clk 00:56:09]} {[%emt 00:12:14]} Bd5 {[%clk 00:54:18]} {[%emt 00:01:20]} 19.
Qe2 {[%clk 00:52:23]} {[%emt 00:04:12]} Bxg2 {[%clk 00:53:28]} {[%emt
00:01:24]} 20. Kxg2 {[%clk 00:52:47]} {[%emt 00:00:06]} Nd5 {[%clk 00:53:44]}
{[%emt 00:00:13]} 21. Qf3 {[%clk 00:52:09]} {[%emt 00:01:04]} Qe7 {[%clk
00:51:54]} {[%emt 00:02:24]} 22. h4 {[%clk 00:47:01]} {[%emt 00:05:38]} Qb4
{[%clk 00:50:01]} {[%emt 00:02:24]} 23. Rc2 {[%clk 00:47:01]} {[%emt 00:00:27]}
Qa4 {[%clk 00:48:47]} {[%emt 00:01:46]} 24. Rcd2 {[%clk 00:46:15]} {[%emt
00:01:16]} Qb4 {[%clk 00:47:43]} {[%emt 00:01:34]} 25. Qe4 {[%clk 00:44:45]}
{[%emt 00:01:59]} Qb3 {[%clk 00:44:11]} {[%emt 00:04:03]} 26. h5 {[%clk
00:42:22]} {[%emt 00:02:51]} h6 {[%clk 00:40:27]} {[%emt 00:04:16]} 27. Qe5
{[%clk 00:41:54]} {[%emt 00:00:55]} Qb4 {[%clk 00:39:44]} {[%emt 00:01:16]} 28.
Re2 {[%clk 00:38:53]} {[%emt 00:03:26]} Qc4 {[%clk 00:36:36]} {[%emt 00:03:43]}
29. Rdd2 {[%clk 00:38:12]} {[%emt 00:01:08]} Qc6 {[%clk 00:34:14]} {[%emt
00:02:54]} 30. Kh2 {[%clk 00:38:21]} {[%emt 00:00:14]} Nf6 {[%clk 00:33:24]}
{[%emt 00:01:27]} 31. Qf4 {[%clk 00:37:37]} {[%emt 00:01:04]} Nxh5 {[%clk
00:31:55]} {[%emt 00:02:08]} 32. Qh4 {[%clk 00:37:48]} {[%emt 00:00:18]}
1/2-1/2

[Event "XLIV Memoriał Szachowy Ludwika Zamenhofa 2025, Grupa B"]
[Site "Bialystok, Poland"]
[Date "2025.12.29"]
[Round "6.25"]
[White "Tonga, Radoslaw"]
[Black "Wnorowski, Wiktor"]
[Result "1/2-1/2"]
[TimeControl "90'+30\""]
[WhiteElo "1720"]
[BlackElo "1838"]

1. e4 {[%clk 01:30:51]} {[%emt 00:00:08]} d6 {[%clk 01:30:53]} {[%emt
00:00:08]} 2. d4 {[%clk 01:31:14]} {[%emt 00:00:06]} Nf6 {[%clk 01:31:18]}
{[%emt 00:00:05]} 3. Nc3 {[%clk 01:31:37]} {[%emt 00:00:06]} Nbd7 {[%clk
01:31:43]} {[%emt 00:00:05]} 4. f4 {[%clk 01:31:58]} {[%emt 00:00:10]} e5
{[%clk 01:32:08]} {[%emt 00:00:05]} 5. Nf3 {[%clk 01:32:23]} {[%emt 00:00:04]}
exd4 {[%clk 01:32:33]} {[%emt 00:00:05]} 6. Qxd4 {[%clk 01:32:43]} {[%emt
00:00:10]} c6 {[%clk 01:32:55]} {[%emt 00:00:08]} 7. Bd2 {[%clk 01:32:53]}
{[%emt 00:00:19]} d5 {[%clk 01:31:58]} {[%emt 00:01:27]} 8. e5 {[%clk
01:33:01]} {[%emt 00:00:22]} Ng4 {[%clk 01:30:33]} {[%emt 00:01:55]} 9. f5
{[%clk 01:27:02]} {[%emt 00:06:28]} Ngxe5 {[%clk 01:23:06]} {[%emt 00:07:57]}
10. Nxe5 {[%clk 01:27:03]} {[%emt 00:00:29]} Bc5 {[%clk 01:23:21]} {[%emt
00:00:15]} 11. Qf4 {[%clk 01:25:32]} {[%emt 00:02:02]} Qe7 {[%clk 01:23:16]}
{[%emt 00:00:35]} 12. O-O-O {[%clk 01:25:31]} {[%emt 00:00:31]} Nxe5 {[%clk
01:23:16]} {[%emt 00:00:31]} 13. g4 {[%clk 01:17:32]} {[%emt 00:08:28]} f6
{[%clk 01:19:48]} {[%emt 00:03:58]} 14. h4 {[%clk 01:12:37]} {[%emt 00:05:24]}
Bd7 {[%clk 01:19:04]} {[%emt 00:01:15]} 15. Bg2 {[%clk 01:09:22]} {[%emt
00:03:44]} O-O-O {[%emt 00:07:33]} 16. Rhe1 {[%clk 01:06:34]} Rhe8 {[%clk
01:11:22]} {[%emt 00:04:28]} 17. Kb1 {[%clk 00:54:37]} {[%emt 00:12:27]} Qf8
{[%clk 01:03:58]} {[%emt 00:07:53]} 18. a4 {[%clk 00:45:55]} {[%emt 00:09:12]}
Nc4 {[%clk 01:01:44]} {[%emt 00:02:44]} 19. Bc1 {[%clk 00:44:54]} {[%emt
00:01:31]} Rxe1 {[%clk 01:00:35]} {[%emt 00:01:40]} 20. Rxe1 {[%clk 00:45:16]}
{[%emt 00:00:07]} Qd6 {[%clk 01:00:06]} {[%emt 00:00:59]} 21. Qf3 {[%clk
00:43:19]} {[%emt 00:02:27]} Ne5 {[%clk 00:48:32]} {[%emt 00:12:04]} 22. Qf4
{[%clk 00:41:01]} {[%emt 00:02:46]} Re8 {[%clk 00:38:31]} {[%emt 00:10:33]} 23.
Rd1 {[%clk 00:38:36]} {[%emt 00:02:55]} Nc4 {[%clk 00:32:23]} {[%emt 00:06:39]}
24. Qf3 {[%clk 00:36:07]} {[%emt 00:02:58]} Ne3 {[%clk 00:29:44]} {[%emt
00:03:10]} 25. Re1 {[%clk 00:28:36]} {[%emt 00:07:59]} Nxg2 {[%clk 00:29:41]}
{[%emt 00:00:33]} 26. Rxe8+ {[%clk 00:29:00]} {[%emt 00:00:06]} Bxe8 {[%clk
00:30:08]} {[%emt 00:00:04]} 27. Qxg2 {[%clk 00:29:18]} {[%emt 00:00:12]} Bd4
{[%clk 00:28:02]} {[%emt 00:02:36]} 28. Ne2 {[%clk 00:24:00]} {[%emt 00:05:47]}
Be5 {[%clk 00:28:15]} {[%emt 00:00:18]} 29. Qf2 {[%clk 00:23:45]} {[%emt
00:00:44]} Kb8 {[%clk 00:27:15]} {[%emt 00:01:31]} 30. Nf4 {[%clk 00:23:50]}
{[%emt 00:00:25]} Bf7 {[%clk 00:26:29]} {[%emt 00:01:17]} 31. Nd3 {[%clk
00:21:14]} {[%emt 00:03:05]} Ka8 {[%clk 00:25:40]} {[%emt 00:01:19]} 32. Nxe5
{[%clk 00:19:30]} {[%emt 00:02:14]} fxe5 {[%clk 00:22:52]} {[%emt 00:03:18]} 33.
Qe3 {[%clk 00:19:31]} {[%emt 00:00:29]} d4 {[%clk 00:20:42]} {[%emt 00:02:40]}
34. Qg5 {[%clk 00:08:54]} {[%emt 00:11:07]} Qd5 {[%clk 00:17:18]} {[%emt
00:03:54]} 35. b3 {[%clk 00:09:16]} {[%emt 00:00:08]} g6 {[%clk 00:15:40]}
{[%emt 00:02:08]} 36. Qe7 {[%clk 00:09:13]} {[%emt 00:00:32]} a6 {[%clk
00:15:19]} {[%emt 00:00:52]} 37. Ba3 {[%clk 00:08:57]} {[%emt 00:00:45]} d3
{[%clk 00:09:54]} {[%emt 00:05:55]} 38. Qf8+ {[%clk 00:08:07]} {[%emt
00:01:19]} Ka7 {[%clk 00:10:18]} {[%emt 00:00:07]} 39. Bc5+ {[%emt 00:00:29]}
Ka8 {[%emt 00:00:03]} 40. Qe7 Qd6 {[%emt 00:00:02]} 1/2-1/2

[Event "XLIV Memoriał Szachowy Ludwika Zamenhofa 2025, Grupa B"]
[Site "Bialystok, Poland"]
[Date "2025.12.29"]
[Round "6.26"]
[White "Poreba, Jan"]
[Black "Zalewski, Witold"]
[Result "0-1"]
[TimeControl "90'+30\""]
[WhiteElo "1619"]
[BlackElo "1834"]

1. e4 {[%clk 01:30:56]} {[%emt 00:00:02]} c5 {[%clk 01:30:46]} {[%emt
00:00:14]} 2. Nf3 {[%clk 01:31:15]} {[%emt 00:00:11]} d6 {[%clk 01:31:10]}
{[%emt 00:00:06]} 3. d4 {[%clk 01:31:39]} {[%emt 00:00:07]} cxd4 {[%clk
01:31:36]} {[%emt 00:00:04]} 4. Nxd4 {[%clk 01:32:02]} {[%emt 00:00:06]} Nf6
{[%emt 00:00:04]} 5. Nc3 {[%clk 01:32:19]} {[%emt 00:00:12]} a6 {[%clk
01:32:30]} {[%emt 00:00:04]} 6. h4 {[%clk 01:32:40]} {[%emt 00:00:09]} e5
{[%clk 01:31:53]} {[%emt 00:01:07]} 7. Nb3 {[%clk 01:33:04]} {[%emt 00:00:06]}
Be7 {[%clk 01:32:10]} {[%emt 00:00:13]} 8. Bg5 {[%clk 01:33:17]} {[%emt
00:00:17]} Nbd7 {[%clk 01:32:15]} {[%emt 00:00:24]} 9. Qd2 {[%clk 01:32:54]}
{[%emt 00:00:53]} b5 {[%clk 01:32:07]} {[%emt 00:00:39]} 10. Bxf6 {[%clk
01:32:51]} {[%emt 00:00:33]} Nxf6 {[%clk 01:32:31]} {[%emt 00:00:06]} 11. Bd3
{[%clk 01:33:00]} {[%emt 00:00:20]} Bb7 {[%clk 01:31:45]} {[%emt 00:01:16]} 12.
f3 {[%clk 01:32:36]} {[%emt 00:00:54]} Nh5 {[%clk 01:19:15]} {[%emt 00:13:00]}
13. O-O-O {[%clk 01:29:06]} {[%emt 00:04:00]} Bxh4 {[%clk 01:17:53]} {[%emt
00:01:53]} 14. Kb1 {[%clk 01:29:05]} {[%emt 00:00:30]} Bg5 {[%clk 01:17:36]}
{[%emt 00:00:47]} 15. Qf2 {[%clk 01:28:48]} {[%emt 00:00:46]} Nf4 {[%clk
01:15:20]} {[%emt 00:02:47]} 16. g3 {[%clk 01:28:53]} {[%emt 00:00:25]} Ng6
{[%clk 01:14:49]} {[%emt 00:01:01]} 17. Ne2 {[%clk 01:27:32]} {[%emt 00:01:52]}
Qc7 {[%clk 01:08:08]} {[%emt 00:07:10]} 18. f4 {[%clk 01:26:15]} {[%emt
00:01:46]} Bd8 {[%clk 01:07:49]} {[%emt 00:00:49]} 19. Rc1 {[%clk 01:22:44]}
{[%emt 00:04:01]} Qb6 {[%clk 01:07:31]} {[%emt 00:00:48]} 20. Qf3 {[%clk
01:21:35]} {[%emt 00:01:40]} Rc8 {[%clk 01:03:13]} {[%emt 00:04:48]} 21. Rcf1
{[%clk 01:20:27]} {[%emt 00:01:38]} a5 {[%clk 01:01:12]} {[%emt 00:02:32]} 22.
fxe5 {[%clk 01:20:14]} {[%emt 00:00:42]} Nxe5 {[%clk 01:01:32]} {[%emt
00:00:09]} 23. Qf5 {[%clk 01:19:45]} {[%emt 00:00:59]} Bf6 {[%clk 01:00:33]}
{[%emt 00:01:30]} 24. Nbd4 {[%clk 01:14:01]} {[%emt 00:06:14]} Nxd3 {[%clk
00:55:30]} {[%emt 00:05:33]} 25. Qxb5+ {[%clk 01:09:01]} {[%emt 00:05:29]} Qxb5
{[%clk 00:55:44]} {[%emt 00:00:17]} 26. Nxb5 {[%clk 01:09:26]} {[%emt
00:00:05]} Ba6 {[%clk 00:50:41]} {[%emt 00:05:34]} 27. Nxd6+ {[%clk 01:09:08]}
{[%emt 00:00:47]} Ke7 {[%clk 00:50:20]} {[%emt 00:00:50]} 28. Nxc8+ {[%clk
01:08:28]} {[%emt 00:01:11]} Rxc8 {[%clk 00:50:44]} {[%emt 00:00:06]} 29. Nf4
{[%clk 01:08:01]} {[%emt 00:00:56]} Nxf4 {[%clk 00:50:44]} {[%emt 00:00:31]} 30.
Rxf4 {[%clk 01:07:56]} {[%emt 00:00:34]} Rb8 {[%clk 00:49:09]} {[%emt
00:02:06]} 31. b3 {[%clk 01:07:49]} {[%emt 00:00:36]} h6 {[%clk 00:49:32]}
{[%emt 00:00:07]} 32. Rf5 {[%clk 01:06:36]} {[%emt 00:01:43]} Rb5 {[%clk
00:49:22]} {[%emt 00:00:40]} 33. Rxb5 {[%clk 01:06:58]} {[%emt 00:00:08]} Bxb5
{[%clk 00:49:51]} {[%emt 00:00:02]} 34. Rh5 {[%clk 01:07:16]} {[%emt 00:00:11]}
Bg5 {[%clk 00:50:02]} {[%emt 00:00:20]} 35. Rh1 {[%clk 01:06:51]} {[%emt
00:00:55]} Ke6 {[%clk 00:49:41]} {[%emt 00:00:50]} 36. Re1 {[%clk 01:04:26]}
{[%emt 00:02:54]} Bd2 {[%clk 00:48:23]} {[%emt 00:01:49]} 37. Rd1 {[%clk
01:03:51]} {[%emt 00:01:05]} Bc3 {[%clk 00:45:21]} {[%emt 00:03:30]} 38. Rd5
{[%clk 01:03:40]} {[%emt 00:00:42]} Be2 {[%clk 00:45:22]} {[%emt 00:00:30]} 39.
Rc5 {[%clk 00:58:14]} {[%emt 00:05:55]} Bb4 {[%clk 00:45:43]} {[%emt 00:00:10]}
40. Rc7 {[%clk 00:57:02]} {[%emt 00:01:43]} Bd6 {[%clk 00:43:35]} {[%emt
00:02:38]} 41. Ra7 {[%clk 00:56:57]} {[%emt 00:00:34]} Bxg3 {[%clk 00:43:38]}
{[%emt 00:00:27]} 42. Rxa5 {[%clk 00:57:16]} {[%emt 00:00:12]} h5 {[%clk
00:43:46]} {[%emt 00:00:22]} 43. Rg5 {[%clk 00:56:23]} {[%emt 00:01:23]} Be5
{[%clk 00:43:41]} {[%emt 00:00:34]} 44. Rf5 {[%clk 00:54:57]} {[%emt 00:01:56]}
h4 {[%clk 00:43:29]} {[%emt 00:00:42]} 45. Rf2 {[%clk 00:55:10]} {[%emt
00:00:17]} Ba6 {[%clk 00:43:13]} {[%emt 00:00:46]} 46. Rf3 {[%clk 00:54:57]}
{[%emt 00:00:42]} g5 {[%clk 00:43:31]} {[%emt 00:00:13]} 47. Kc1 {[%clk
00:53:23]} {[%emt 00:02:03]} g4 {[%clk 00:43:34]} {[%emt 00:00:27]} 48. Rf5
{[%clk 00:53:42]} {[%emt 00:00:11]} g3 {[%clk 00:43:32]} {[%emt 00:00:32]} 49.
Kd1 {[%clk 00:53:46]} {[%emt 00:00:26]} g2 {[%clk 00:43:42]} {[%emt 00:00:21]}
50. Rg5 {[%clk 00:54:13]} {[%emt 00:00:03]} Bg3 {[%clk 00:43:35]} {[%emt
00:00:38]} 0-1

[Event "XLIV Memoriał Szachowy Ludwika Zamenhofa 2025, Grupa B"]
[Site "Bialystok, Poland"]
[Date "2025.12.29"]
[Round "6.27"]
[White "Surkont, Jan"]
[Black "Ocytko, Andrzej"]
[Result "1/2-1/2"]
[TimeControl "90'+30\""]
[WhiteElo "1787"]
[BlackElo "1995"]

1. e4 {[%clk 01:30:56]} {[%emt 00:00:04]} e5 {[%clk 01:26:50]} {[%emt
00:04:11]} 2. Nf3 {[%clk 01:31:22]} {[%emt 00:00:04]} Nc6 {[%clk 01:27:16]}
{[%emt 00:00:04]} 3. Bc4 {[%clk 01:31:49]} {[%emt 00:00:02]} Bc5 {[%clk
01:27:36]} {[%emt 00:00:09]} 4. b4 {[%clk 01:32:07]} {[%emt 00:00:12]} Bxb4
{[%clk 01:27:47]} {[%emt 00:00:20]} 5. c3 {[%clk 01:32:33]} {[%emt 00:00:04]}
Bd6 {[%clk 01:26:59]} {[%emt 00:01:18]} 6. d4 {[%clk 01:32:53]} {[%emt
00:00:09]} Nf6 {[%clk 01:27:13]} {[%emt 00:00:16]} 7. O-O {[%clk 01:32:22]}
{[%emt 00:01:01]} O-O {[%clk 01:26:59]} {[%emt 00:00:45]} 8. Re1 {[%clk
01:12:20]} {[%emt 00:20:32]} Ne8 {[%clk 01:26:35]} {[%emt 00:00:54]} 9. Nbd2
{[%clk 01:05:32]} {[%emt 00:07:16]} h6 {[%clk 01:17:24]} {[%emt 00:09:43]} 10.
Bd5 {[%clk 00:57:29]} {[%emt 00:08:32]} exd4 {[%clk 01:15:45]} {[%emt
00:02:09]} 11. cxd4 {[%clk 00:57:15]} {[%emt 00:00:45]} Bb4 {[%clk 01:14:52]}
{[%emt 00:01:23]} 12. Rb1 {[%clk 00:55:43]} {[%emt 00:02:00]} Bc3 {[%clk
01:12:25]} {[%emt 00:02:58]} 13. Ba3 {[%clk 00:40:57]} {[%emt 00:15:16]} d6
{[%clk 01:12:27]} {[%emt 00:00:27]} 14. Rc1 {[%clk 00:35:50]} {[%emt 00:05:37]}
Bxd2 {[%clk 01:08:16]} {[%emt 00:04:42]} 15. Qxd2 {[%clk 00:36:15]} {[%emt
00:00:04]} Nf6 {[%clk 01:08:36]} {[%emt 00:00:10]} 16. Bxc6 {[%clk 00:33:27]}
{[%emt 00:03:19]} bxc6 {[%clk 01:09:05]} 17. e5 {[%clk 00:33:38]} {[%emt
00:00:19]} Ne8 {[%clk 01:09:19]} {[%emt 00:00:16]} 18. Rxc6 {[%clk 00:32:48]}
{[%emt 00:01:19]} Bb7 {[%clk 01:09:24]} {[%emt 00:00:25]} 19. Rc3 {[%clk
00:32:40]} {[%emt 00:00:38]} Bd5 {[%clk 01:09:47]} {[%emt 00:00:08]} 20. Rce3
{[%clk 00:25:03]} {[%emt 00:08:07]} Kh8 {[%clk 01:06:27]} {[%emt 00:03:50]} 21.
Qa5 {[%clk 00:17:08]} {[%emt 00:08:25]} c6 {[%clk 01:06:36]} {[%emt 00:00:21]}
22. Qd2 {[%clk 00:13:07]} {[%emt 00:04:31]} Rg8 {[%clk 01:06:30]} {[%emt
00:00:37]} 23. exd6 {[%clk 00:10:51]} {[%emt 00:02:45]} Nxd6 {[%clk 01:06:46]}
{[%emt 00:00:15]} 24. Bxd6 {[%clk 00:11:08]} {[%emt 00:00:13]} Qxd6 {[%clk
01:07:12]} {[%emt 00:00:04]} 25. Ne5 {[%clk 00:11:15]} {[%emt 00:00:23]} Rgd8
{[%clk 01:05:59]} {[%emt 00:01:43]} 26. Rf3 {[%clk 00:08:59]} {[%emt 00:02:46]}
Kg8 {[%clk 01:05:34]} {[%emt 00:00:55]} 27. Rg3 {[%clk 00:09:21]} {[%emt
00:00:08]} Rab8 {[%clk 01:01:06]} {[%emt 00:04:57]} 28. Qa5 {[%clk 00:08:10]}
{[%emt 00:01:42]} Qb4 {[%clk 00:55:22]} {[%emt 00:06:15]} 29. Qxb4 {[%clk
00:08:35]} {[%emt 00:00:05]} Rxb4 {[%clk 00:55:51]} 30. Ra3 {[%clk 00:08:44]}
{[%emt 00:00:21]} Rxd4 {[%clk 00:54:46]} {[%emt 00:01:35]} 31. Rxa7 {[%clk
00:09:05]} {[%emt 00:00:09]} Re8 {[%clk 00:54:07]} {[%emt 00:01:08]} 32. f3
{[%clk 00:05:49]} {[%emt 00:03:47]} Rd2 {[%clk 00:51:04]} {[%emt 00:03:32]} 33.
a4 {[%clk 00:04:50]} {[%emt 00:01:29]} Rb8 {[%clk 00:51:10]} {[%emt 00:00:24]}
34. Nd7 {[%clk 00:03:06]} {[%emt 00:02:15]} Rd8 {[%clk 00:50:21]} {[%emt
00:01:18]} 35. Nb6 {[%clk 00:01:17]} {[%emt 00:02:19]} Be6 {[%clk 00:49:49]}
{[%emt 00:01:02]} 36. Ra8 {[%clk 00:01:04]} {[%emt 00:00:44]} Rxa8 {[%clk
00:46:17]} {[%emt 00:04:02]} 37. Nxa8 {[%clk 00:01:33]} Rb2 {[%clk 00:42:41]}
{[%emt 00:04:06]} 38. Nc7 {[%clk 00:00:41]} {[%emt 00:01:22]} Bc4 {[%clk
00:39:58]} {[%emt 00:03:11]} 39. Rc1 {[%clk 00:00:51]} {[%emt 00:00:21]} Rb4
{[%clk 00:40:06]} {[%emt 00:00:20]} 40. a5 {[%clk 00:00:59]} {[%emt 00:00:25]}
Ra4 {[%clk 00:40:32]} {[%emt 00:00:04]} 41. a6 {[%clk 00:00:50]} {[%emt
00:00:39]} Bxa6 {[%clk 00:40:38]} {[%emt 00:00:23]} 42. Rxc6 {[%clk 00:01:17]}
{[%emt 00:00:04]} Ra1+ {[%clk 00:41:01]} {[%emt 00:00:07]} 43. Kf2 {[%clk
00:01:35]} {[%emt 00:00:11]} Ra2+ {[%clk 00:41:30]} {[%emt 00:00:02]} 44. Kg1
{[%emt 00:00:29]} f6 1/2-1/2